MARC details
| 000 -LEADER |
| fixed length control field |
03058cam a2200433 i 4500 |
| 001 - CONTROL NUMBER |
| control field |
19267885 |
| 003 - CONTROL NUMBER IDENTIFIER |
| control field |
ARRUPE |
| 005 - DATE AND TIME OF LATEST TRANSACTION |
| control field |
20190430092003.0 |
| 008 - FIXED-LENGTH DATA ELEMENTS--GENERAL INFORMATION |
| fixed length control field |
160909s2017 nyu 000 1 eng |
| 010 ## - LIBRARY OF CONGRESS CONTROL NUMBER |
| LC control number |
2016034887 |
| 020 ## - INTERNATIONAL STANDARD BOOK NUMBER |
| International Standard Book Number |
9780451493781 (hardcover) |
| 020 ## - INTERNATIONAL STANDARD BOOK NUMBER |
| Cancelled/invalid ISBN |
9780451493798 (ebook) |
| 040 ## - CATALOGING SOURCE |
| Original cataloging agency |
DLC |
| Language of cataloging |
eng |
| Transcribing agency |
DLC |
| Description conventions |
rda |
| Modifying agency |
DLC |
| 042 ## - AUTHENTICATION CODE |
| Authentication code |
pcc |
| 043 ## - GEOGRAPHIC AREA CODE |
| Geographic area code |
a-pk--- |
| 050 00 - LIBRARY OF CONGRESS CALL NUMBER |
| Classification number |
PR9540.9.A83 |
| Item number |
G65 2017 |
| 082 00 - DEWEY DECIMAL CLASSIFICATION NUMBER |
| Classification number |
823/.914 |
| Edition number |
23 |
| 084 ## - OTHER CLASSIFICATION NUMBER |
| Classification number |
FIC019000 |
| -- |
FIC045000 |
| -- |
FIC051000 |
| Source of number |
bisacsh |
| 300 ## - PHYSICAL DESCRIPTION |
| Dimensions |
25 cm |
| 100 1# - MAIN ENTRY--PERSONAL NAME |
| Personal name |
Aslam, Nadeem, |
| Relator term |
author. |
| 9 (RLIN) |
46073 |
| 245 14 - TITLE STATEMENT |
| Title |
The golden legend / |
| Statement of responsibility, etc |
Nadeem Aslam. |
| 250 ## - EDITION STATEMENT |
| Edition statement |
First American edition. |
| 260 ## - PUBLICATION, DISTRIBUTION, ETC. (IMPRINT) |
| Place of publication, distribution, etc |
London |
| Name of publisher, distributor, etc |
Faber and faber |
| Date of publication, distribution, etc |
2017 |
| 300 ## - PHYSICAL DESCRIPTION |
| Extent |
319 p. ; |
| 520 ## - SUMMARY, ETC. |
| Summary, etc |
"A brave, timely, searingly beautiful novel from the acclaimed author of The Blind Man's Garden: set in contemporary Pakistan, the story of a Muslim widow and her Christian neighbors whose community is consumed by violent religious intolerance When shots ring out on the Grand Trunk Road, Nargis's life begins to crumble around her. Her husband, Massud--a fellow architect--is caught in the cross fire and dies before she can confess her greatest secret to him. Now under threat from a powerful military intelligence officer, who demands that she pardon her husband's American killer, Nargis fears that the truth about her past will soon be exposed. For weeks someone has been broadcasting people's secrets from the minaret of the local mosque, and, in a country where even the accusation of blasphemy is a currency to be bartered, the mysterious broadcasts have struck fear in Christians and Muslims alike. When the loudspeakers reveal a forbidden romance between a Muslim cleric's daughter and Nargis's Christian neighbor, Nargis finds herself trapped in the center of the chaos tearing their community apart. In his characteristically luminous prose, Nadeem Aslam has given us a lionhearted novel that reflects Pakistan's past and present in a single mirror, a story of corruption, resilience, and the disguises that are sometimes necessary for survival--a revelatory portrait of the human spirit"-- |
| 650 #0 - SUBJECT ADDED ENTRY--TOPICAL TERM |
| Topical term or geographic name as entry element |
Culture conflict |
| Geographic subdivision |
Pakistan |
| Form subdivision |
Fiction. |
| 9 (RLIN) |
46074 |
| 650 #0 - SUBJECT ADDED ENTRY--TOPICAL TERM |
| Topical term or geographic name as entry element |
Interpersonal relations |
| Form subdivision |
Fiction. |
| 9 (RLIN) |
46075 |
| 650 #0 - SUBJECT ADDED ENTRY--TOPICAL TERM |
| Topical term or geographic name as entry element |
Muslim women |
| Form subdivision |
Fiction. |
| 9 (RLIN) |
46076 |
| 650 #0 - SUBJECT ADDED ENTRY--TOPICAL TERM |
| Topical term or geographic name as entry element |
Widows |
| Form subdivision |
Fiction. |
| 9 (RLIN) |
37349 |
| 650 #7 - SUBJECT ADDED ENTRY--TOPICAL TERM |
| Topical term or geographic name as entry element |
FICTION / Literary. |
| Source of heading or term |
bisacsh |
| 9 (RLIN) |
46077 |
| 650 #7 - SUBJECT ADDED ENTRY--TOPICAL TERM |
| Topical term or geographic name as entry element |
FICTION / Family Life. |
| Source of heading or term |
bisacsh |
| 9 (RLIN) |
46078 |
| 650 #7 - SUBJECT ADDED ENTRY--TOPICAL TERM |
| Topical term or geographic name as entry element |
FICTION / Cultural Heritage. |
| Source of heading or term |
bisacsh |
| 9 (RLIN) |
46079 |
| 651 #0 - SUBJECT ADDED ENTRY--GEOGRAPHIC NAME |
| Geographic name |
Pakistan |
| General subdivision |
Social life and customs |
| Form subdivision |
Fiction. |
| 9 (RLIN) |
46080 |
| 655 #0 - INDEX TERM--GENRE/FORM |
| Genre/form data or focus term |
Domestic fiction. |
| 9 (RLIN) |
46081 |
| 776 08 - ADDITIONAL PHYSICAL FORM ENTRY |
| Display text |
Online version: |
| Main entry heading |
Aslam, Nadeem, author. |
| Title |
Golden legend |
| Edition |
First edition. |
| Place, publisher, and date of publication |
New York : Alfred A. Knopf, 2017 |
| International Standard Book Number |
9780451493798 |
| Record control number |
(DLC) 2016041957 |
| 906 ## - LOCAL DATA ELEMENT F, LDF (RLIN) |
| a |
7 |
| b |
cbc |
| c |
orignew |
| d |
1 |
| e |
ecip |
| f |
20 |
| g |
y-gencatlg |
| 942 ## - ADDED ENTRY ELEMENTS (KOHA) |
| Source of classification or shelving scheme |
Library of Congress Classification |
| Koha item type |
Monograph ( Printed materials) |